Lanean...
Written Arabic An approach to the basic structure /
| Egile nagusia: | |
|---|---|
| Formatua: | Printed Book |
| Argitaratua: |
1968.
|
| LEADER | 00490nam a2200145Ia 4500 | ||
|---|---|---|---|
| 008 | 150527150527b xxu||||| |||| 00| 0 eng d | ||
| 082 | |a 418 | ||
| 100 | |a Beeston A.F. | ||
| 245 | |c by Beeston A.F. |a Written Arabic An approach to the basic structure / | ||
| 260 | |c 1968. | ||
| 300 | |a 117 p. | ||
| 500 | |a Shelf No. 17 | ||
| 942 | |c BK | ||
| 999 | |c 169977 |d 169977 | ||
| 952 | |0 0 |1 0 |4 0 |6 418_000000000000000_BEE_W |7 0 |9 188608 |a ARA |b ARA |c ST1 |d 2015-05-27 |i 372 |l 0 |o 418 BEE/W |p ARA000372 |r 2015-05-27 |w 2018-08-23 |y BK | ||